000 00213 a2200097 4500
001 49392
100 _aButler, Joan
245 _aLoving Cup
260 _aLondon
_bStanley Paul & Co. Ltd
_c
090 _c31930
_d31930
942 _aNUST-CAE
_cM
_c24370
999 _c284465
_d284465